Искусство управления государством: Стратегии для меняющегося мира
«Искусство управления государством» — глубокий научный труд напи- санный общественным деятелем мирового значения. В книге можно выделить четыре больших блока вопросов. Во-первых это подведение итогов ушедшей эпохи — размышления над уроками холодной войны прошлой и нынешней ролью США. Во-вторых оценк...
Kaydedildi:
| Yazar: | |
|---|---|
| Edisyon: | 7 |
| Online Erişim: | https://znanium.com/catalog/document?id=333358 https://znanium.com/cover/1002/1002486.jpg |
| Etiketler: |
Etiketle
Etiket eklenmemiş, İlk siz ekleyin!
|
| LEADER | 03299nam0a2200265 i 4500 | ||
|---|---|---|---|
| 001 | RU\infra-m\znanium\bibl\1002486 | ||
| 003 | https://znanium.com/catalog/document?id=333358 | ||
| 005 | 20220630000000.0 | ||
| 010 | |a 978-5-9614-6340-8 | ||
| 100 | |a 20220630d2018 m y0rusy0150 ca | ||
| 101 | 0 | |a rus | |
| 102 | |a RU | ||
| 200 | 1 | |a Искусство управления государством: Стратегии для меняющегося мира |f Оксфордский университет | |
| 205 | |a 7 | ||
| 210 | 1 | |a Москва |c ООО "Альпина Паблишер" |d 2017 | |
| 215 | |a 504 с. | ||
| 330 | |a «Искусство управления государством» — глубокий научный труд напи- санный общественным деятелем мирового значения. В книге можно выделить четыре больших блока вопросов. Во-первых это подведение итогов ушедшей эпохи — размышления над уроками холодной войны прошлой и нынешней ролью США. Во-вторых оценка путей развития России Китая Индии и стран Дальнего и Ближнего Востока. В-третьих угрозы которые представляют для мира нестабильность на Балканах государства-изгои исламский экстре- мизм и международный терроризм а также стратегии позволяющие противо- стоять им. И наконец — процесс интеграции в Европе таящий в себе опас- ность незаметного расширения власти международных институтов в ущерб независимости национальных государств. Картина мира представленная Маргарет Тэтчер ее видение сегодняшних и завтрашних проблем могут вызвать целую гамму чувств: от полного одоб- рения до бурного протеста за исключением одного — равнодушия. Систему взглядов которые представлены и последовательно отстаиваются в книге сама Маргарет Тэтчер лаконично называет «консерватизм». Книга рассчитана на широкую аудиторию. | ||
| 606 | |a Политика. Социология |x Политология |2 local | ||
| 675 | |a 351.0 |z rus | ||
| 686 | |a 67.401 |2 rubbk | ||
| 686 | |a 41.00.00 |2 okso | ||
| 700 | 1 | |a Тэтчер |b М. |g Маргарет |p Оксфордский университет | |
| 801 | 0 | |a RU |b Общество с ограниченной ответственностью «ЗНАНИУМ» |c 20180926 |2 rusmarc | |
| 856 | 4 | |a znanium.com |m ebs_support@infra-m.ru |n НИЦ ИНФРА-М |u https://znanium.com/catalog/document?id=333358 | |
| 856 | 4 | 1 | |a znanium.com |d /cover/1002 |f 1002486.jpg |q image/jpeg |u https://znanium.com/cover/1002/1002486.jpg |